000 00296nam a2200133Ia 4500
008 230917s9999||||xx |||||||||||||| ||und||
020 _cRS30
040 _e193393
_aMAIN
041 _aEnglish
082 _a297.122 K541R
100 _aKidwai, Abdul Salam
245 0 _aRuh-Ul Quran
942 _cBK
999 _c53906
_d53906